Contribución al estudio del poder bactericida y fungicida de los compuestos de amonio cuaternario sobre la flora microbiana que interviene en ciertos alimentos / (Record no. 126145)

MARC details
000 -LEADER
campo de control de longitud fija 00837nam a2200205 4500
001 - NÚMERO DE CONTROL
campo de control 126145
003 - IDENTIFICADOR DE NÚMERO DE CONTROL
campo de control ES-MaACL
005 - FECHA Y HORA DE LA ÚLTIMA TRANSACCIÓN
campo de control 20230906192749.0
007 - CAMPO FIJO DE DESCRIPCIÓN FÍSICA--INFORMACIÓN GENERAL
campo de control de longitud fija t|
008 - DATOS DE LONGITUD FIJA--INFORMACIÓN GENERAL
campo de control de longitud fija 070214s1956 sp r ||||1| spa d
100 1# - ENTRADA PRINCIPAL--NOMBRE DE PERSONA
Nombre de persona Rejas García, Félix.
9 (RLIN) 96101
245 10 - MENCIÓN DEL TÍTULO
Título Contribución al estudio del poder bactericida y fungicida de los compuestos de amonio cuaternario sobre la flora microbiana que interviene en ciertos alimentos /
Mención de responsabilidad, etc. por Félix Rejas García.
260 ## - PUBLICACIÓN, DISTRIBUCIÓN, ETC.
Lugar de publicación, distribución, etc. Zaragoza :
Nombre del editor, distribuidor, etc. Quimicamp,
Fecha de publicación, distribución, etc. [1956] (
Fabricante Imp. Joaquín Lomba)
300 ## - DESCRIPCIÓN FÍSICA
Extensión 49 p. :
Otras características físicas il. ;
Dimensiones 27 cm.
502 ## - NOTA DE TESIS
Nota de tesis Tesis doctoral-Univ. de Oviedo, Facultad de Veterinaria de León.
504 ## - NOTA DE BIBLIOGRAFÍA, ETC.
Nota de bibliografía, etc. Bibliografía: p. 49.
650 00 - PUNTO DE ACCESO ADICIONAL DE MATERIA--TÉRMINO DE MATERIA
Término de materia o nombre geográfico como elemento de entrada Microbiología.
9 (RLIN) 15023
710 2# - ENTRADA AGREGADA--NOMBRE DE ENTIDAD CORPORATIVA
Nombre de entidad corporativa o nombre de jurisdicción como elemento de entrada Universidad de Oviedo.
Unidad subordinada Facultad de Veterinaria de León.
9 (RLIN) 7268
852 ## - LOCALIZACIÓN
Ubicación ES-MaACL
Número de control de estantería 1976-F-16
Holdings
Estatus retirado Estado de pérdida Estado de daño No para préstamo Colección Biblioteca de origen Biblioteca actual Ubicación en estantería Fecha de adquisición Fuente de adquisición Total de préstamos Signatura topográfica completa Código de barras Visto por última vez Precio de reemplazo Tipo de ítem Koha
        Colección de folletos Biblioteca del Ateneo de Madrid Biblioteca del Ateneo de Madrid Depósito folletos 17/01/2008     1976-F-16 1131394 23/02/2023 23/02/2023 Folleto